[Event "Weekend Accademia"]
[Site "Roma ITA"]
[Date "1996.??.??"]
[Round "6"]
[White "Abuhamdieh, Arafat"]
[Black "Crucioli, Marco"]
[Result "0-1"]
[WhiteElo "1528"]
[BlackElo "1630"]
[PlyCount "70"]
[EventDate "1996.??.??"]

1. d4 Nf6 2. c4 e5 3. dxe5 Ng4 4. Qd4 d6 5. exd6 Bxd6 6. Nf3 O-O 7. h3 Nc6 8.
Qd1 Nxf2 9. Qc2 Nxh1 10. Bd2 Ng3 11. Ng5 Bf5 12. Qb3 Nxf1 13. Kxf1 Nd4 14. Qxb7
Qf6 15. Nf3 Rab8 16. Qxa7 Nc2 17. Bc3 Qe7 18. Nd4 Nxd4 19. Qxd4 f6 20. Nd2 Be5
21. Qe3 Rfe8 22. Re1 Bxc3 23. Qxc3 Qe5 24. Qxe5 Rxe5 25. b3 Ra8 26. a4 Rb8 27.
e4 Bg6 28. Kf2 Rbe8 29. Kf3 f5 30. Ke3 fxe4 31. b4 Rd8 32. Re2 Rd3+ 33. Kf4
Rf5+ 34. Kxe4 Rf2+ 35. Ke5 Rxe2+ 0-1

[Event "Weekend Accademia"]
[Site "Roma ITA"]
[Date "1996.??.??"]
[Round "6"]
[White "Alimonti, Daniele"]
[Black "Raccah, Ascer"]
[Result "0-1"]
[WhiteElo "1516"]
[BlackElo "1528"]
[PlyCount "98"]
[EventDate "1996.??.??"]

1. f4 f6 2. Nf3 Nc6 3. e4 e5 4. d4 Nxd4 5. Nxd4 exd4 6. Qxd4 Ne7 7. Be3 d5 8.
Nc3 Be6 9. O-O-O dxe4 10. Qxe4 Qc8 11. Be2 Bf5 12. Qf3 Nc6 13. a3 Be7 14. g4
Be6 15. h3 O-O 16. Bb5 Na5 17. Rhe1 c6 18. Bf1 Rd8 19. Bf2 Rxd1+ 20. Rxd1 Qc7
21. Qe4 Bd5 22. Nxd5 cxd5 23. Qxd5+ Kf8 24. Qe4 Rd8 25. Rxd8+ Bxd8 26. Kb1 Qd6
27. Bd3 g6 28. b4 Bb6 29. Bxb6 Qxb6 30. Ka2 Nc6 31. h4 Qd4 32. h5 Qxe4 33. Bxe4
gxh5 34. gxh5 h6 35. c3 Nd8 36. Bd5 Ke7 37. f5 Kd6 38. Bg2 Ke5 39. Bh3 Nf7 40.
c4 b6 41. Kb3 Ng5 42. Bg2 Kxf5 43. c5 bxc5 44. bxc5 Ke5 45. Kc4 Ne6 46. a4 Nc7
47. Kb4 f5 48. Kc3 f4 49. Kd2 49... Kf5 $138 0-1

[Event "Weekend Accademia"]
[Site "Roma ITA"]
[Date "1996.??.??"]
[Round "6"]
[White "Anella, Sandro"]
[Black "Boccia, Mattia Mario"]
[Result "1/2-1/2"]
[WhiteElo "1645"]
[BlackElo "1534"]
[PlyCount "88"]
[EventDate "1996.??.??"]

1. d4 d5 2. e3 Nf6 3. Bd3 Bg4 4. f3 Bh5 5. Ne2 e6 6. Nf4 Bg6 7. Nxg6 hxg6 8.
Nd2 Bd6 9. f4 c5 10. c3 Nc6 11. Qf3 cxd4 12. exd4 Qc7 13. g3 a6 14. O-O O-O-O
15. b4 Rh3 16. a4 Kb8 17. Nb3 Ne7 18. Bd2 Rdh8 19. Rf2 Nf5 20. Bf1 R3h7 21. Bd3
Nh6 22. h4 Nhg4 23. Rg2 Nh6 24. Rb1 Nf5 25. Nc5 Bxc5 26. bxc5 Ka7 27. Be1 Ne7
28. Rgb2 Rb8 29. Rb6 Nc6 30. Qe2 Ka8 31. Qa2 Nd7 32. a5 Rhh8 33. Qa4 Na7 34.
Bf2 Nc6 35. c4 Nf6 36. Bf1 Ne4 37. cxd5 exd5 38. Be1 Rhe8 39. Bxa6 bxa6 40.
Rxc6 Rxb1 41. Rxc7 Rxe1+ 42. Kh2 Re2+ 43. Kg1 Re1+ 44. Kh2 Re2+ 1/2-1/2

[Event "Weekend Accademia"]
[Site "Roma ITA"]
[Date "1996.??.??"]
[Round "6"]
[White "Catena, Marco"]
[Black "Latini, Carlo"]
[Result "1/2-1/2"]
[WhiteElo "1630"]
[BlackElo "1701"]
[PlyCount "68"]
[EventDate "1996.??.??"]

1. d4 Nf6 2. c4 g6 3. Nc3 Bg7 4. e4 d6 5. f3 O-O 6. Be3 e5 7. d5 c6 8. Bd3 Nbd7
9. Nge2 cxd5 10. cxd5 a6 11. a4 Ne8 12. g4 Nc5 13. Bc2 a5 14. Bxc5 dxc5 15. O-O
Qh4 16. Qe1 Qe7 17. Nb5 Nd6 18. Nec3 Bd7 19. Bd3 b6 20. Nxd6 Qxd6 21. Bb5 Bh6
22. Bxd7 Qxd7 23. Nb5 Bf4 24. Kg2 f5 25. h3 fxe4 26. fxe4 Rf7 27. Ra3 Raf8 28.
Raf3 Qd8 29. R1f2 Qh4 30. Rf1 Qg5 31. Kh1 Qe7 32. Qf2 Qg5 33. Qg2 Qe7 34. Qf2
Rf6 1/2-1/2

[Event "Weekend Accademia"]
[Site "Roma ITA"]
[Date "1996.??.??"]
[Round "6"]
[White "Cialdea, Alberto"]
[Black "Gardon, Ermanno"]
[Result "0-1"]
[WhiteElo "1900"]
[BlackElo "1716"]
[PlyCount "80"]
[EventDate "1996.??.??"]

1. e4 e6 2. d4 d5 3. Nc3 Nf6 4. e5 Nfd7 5. f4 c5 6. Nf3 Nc6 7. Be3 cxd4 8. Nxd4
Nxd4 9. Bxd4 Nb8 10. Bb5+ Bd7 11. Bxd7+ Qxd7 12. O-O Nc6 13. Kh1 Nxd4 14. Qxd4
g6 15. Rad1 Qc6 16. Qf2 Bc5 17. Qh4 Be7 18. Qg3 O-O-O 19. Ne2 Kb8 20. Nd4 Qc4
21. b3 Qa6 22. a4 Bc5 23. Nb5 Qc6 24. c3 a6 25. Nd4 Bxd4 26. Rxd4 Rc8 27. Rd3
Qb6 28. b4 Rc4 29. Qh4 Qd8 30. Qf2 Qd7 31. Qa2 Rhc8 32. b5 axb5 33. axb5 Qxb5
34. Ra1 Qa6 35. Qb2 Ra4 36. Rdd1 Rcc4 37. g3 Qc6 38. Rxa4 Rxa4 39. Rd4 Qa6 40.
Rxa4 Qf1# 0-1

[Event "Weekend Accademia"]
[Site "Roma ITA"]
[Date "1996.??.??"]
[Round "6"]
[White "Ciotoli, Patrizio"]
[Black "Farina, Saverio"]
[Result "1-0"]
[WhiteElo "2010"]
[BlackElo "2170"]
[PlyCount "74"]
[EventDate "1996.??.??"]

1. e4 e6 2. d4 d5 3. Nc3 c5 4. exd5 exd5 5. dxc5 Nf6 6. Bd3 Bxc5 7. Nf3 O-O 8.
O-O h6 9. h3 Qd6 10. Nb5 Qb6 11. b4 Bxb4 12. Bf4 Na6 13. Rb1 Qd8 14. Qc1 Ne4
15. Nc7 Nxc7 16. Rxb4 Na6 17. Bxa6 bxa6 18. Rd4 Bf5 19. Qa3 Qf6 20. Be5 Qe6 21.
Ra4 Ng5 22. Nxg5 Qxe5 23. Nf3 Qc7 24. Rxa6 Rfc8 25. Nd4 Be4 26. Nc6 Kh7 27.
Nxa7 Qc5 28. Nxc8 Qxa3 29. Rxa3 Rxa3 30. Nd6 Bxc2 31. Nxf7 d4 32. Ne5 Rxa2 33.
f3 d3 34. Rf2 Ra1+ 35. Kh2 Ra4 36. Rd2 Rd4 37. Kg3 37... g5 $139 1-0

[Event "Weekend Accademia"]
[Site "Roma ITA"]
[Date "1996.??.??"]
[Round "6"]
[White "De Carolis, Maurizio"]
[Black "De Blasio, Alessandro"]
[Result "1-0"]
[WhiteElo "1555"]
[BlackElo "1543"]
[PlyCount "51"]
[EventDate "1996.??.??"]

1. d4 d5 2. c4 e6 3. Nc3 Nf6 4. Bg5 c5 5. Nf3 Be7 6. e3 cxd4 7. exd4 O-O 8. Bd3
dxc4 9. Bxc4 Nc6 10. O-O Qc7 11. Qe2 Rd8 12. Rad1 a6 13. a3 b5 14. Bd3 Bb7 15.
Bb1 Ng4 16. Qe4 Bxg5 17. Qxg4 Be7 18. d5 exd5 19. Nxd5 Qc8 20. Qe4 Kf8 21. Qxh7
f6 22. Nb6 Qg4 23. Bg6 Bb4 24. Nxa8 Rxd1 25. Rxd1 Ne7 26. Rd8# 1-0

[Event "Weekend Accademia"]
[Site "Roma ITA"]
[Date "1996.??.??"]
[Round "6"]
[White "De Vita, Gianni"]
[Black "Franchi, Jose' Maria"]
[Result "1-0"]
[WhiteElo "2090"]
[BlackElo "1876"]
[PlyCount "89"]
[EventDate "1996.??.??"]

1. e4 c5 2. c3 Nf6 3. e5 Nd5 4. d4 cxd4 5. Nf3 Nc6 6. cxd4 d6 7. Bc4 Nb6 8. Bb5
dxe5 9. Nxe5 Bd7 10. Bxc6 Bxc6 11. Nxc6 bxc6 12. O-O g6 13. Re1 Bg7 14. Bg5 Nd5
15. Nc3 O-O 16. Qa4 Qb6 17. Nxd5 cxd5 18. Bxe7 Bxd4 19. Re2 Rfc8 20. Ba3 Rc4
21. Qd7 Qd8 22. Qh3 Rac8 23. Rae1 Rc1 24. Qd3 Qf6 25. Qd2 Rxe1+ 26. Qxe1 Kg7
27. Qd2 Bc5 28. Bxc5 Rxc5 29. g3 d4 30. Re4 Rd5 31. Qd3 Qb6 32. Re2 Qb5 33.
Qxb5 Rxb5 34. Rd2 Rd5 35. Kf1 Kf6 36. Ke2 Ke5 37. Kd3 Ra5 38. Re2+ Kd5 39. a3
Rc5 40. Re7 Rc1 41. Rxf7 Rd1+ 42. Ke2 Rb1 43. b4 Rb2+ 44. Ke1 Kc6 45. Kd1 $139
1-0

[Event "Weekend Accademia"]
[Site "Roma ITA"]
[Date "1996.??.??"]
[Round "6"]
[White "Donia, Massimiliano"]
[Black "Petruccioli, Antonio"]
[Result "0-1"]
[WhiteElo "1956"]
[BlackElo "2007"]
[PlyCount "72"]
[EventDate "1996.??.??"]

1. e4 c5 2. Nf3 a6 3. c4 e6 4. d4 cxd4 5. Nxd4 Nf6 6. Bd3 Nc6 7. Nxc6 dxc6 8.
O-O e5 9. Nc3 Be7 10. Qe2 O-O 11. h3 b5 12. Be3 Be6 13. a3 Nd7 14. Rad1 Qe8 15.
Nd5 Bxd5 16. cxd5 cxd5 17. exd5 f5 18. f3 Bd6 19. Bb1 Rc8 20. Rc1 Rxc1 21. Bxc1
Qf7 22. b4 Kh8 23. f4 e4 24. Bb2 Rc8 25. Ba2 Nb6 26. Rc1 Rxc1+ 27. Bxc1 Qc7 28.
Bb2 Nc4 29. Qh5 Qa7+ 30. Kh1 Qd7 31. Bxc4 bxc4 32. Be5 Bxe5 33. fxe5 c3 34. e6
Qc8 35. e7 g6 36. Qd1 36... Kg7 $138 0-1

[Event "Weekend Accademia"]
[Site "Roma ITA"]
[Date "1996.??.??"]
[Round "6"]
[White "Gaudino, Gaetano"]
[Black "Melega, Gianluigi"]
[Result "1-0"]
[WhiteElo "1585"]
[BlackElo "1513"]
[PlyCount "114"]
[EventDate "1996.??.??"]

1. e4 e6 2. Nf3 c5 3. Nc3 a6 4. d4 b5 5. d5 d6 6. Ng5 Nf6 7. dxe6 fxe6 8. a3
Nc6 9. Be3 Be7 10. Be2 O-O 11. Bf3 Rb8 12. Bg4 Nxg4 13. Qxg4 Ne5 14. Qh5 Bxg5
15. Bxg5 Qc7 16. O-O Bd7 17. Rad1 Rf7 18. f4 Nc4 19. Rf3 Rbf8 20. Rh3 g6 21.
Qh4 b4 22. axb4 cxb4 23. Na2 Nxb2 24. Rd2 e5 25. Be7 Bxh3 26. Bxf8 Bxg2 27.
Bxd6 Rxf4 28. Qxf4 Qb6+ 29. Qf2 Qxf2+ 30. Rxf2 Bxe4 31. Bxb4 Nd1 32. Re2 Bf5
33. c3 e4 34. Bc5 h5 35. Rd2 Bg4 36. Rd6 e3 37. Kf1 e2+ 38. Ke1 Kf7 39. Bb4 Ne3
40. c4 Nxc4 41. Rd4 Ne3 42. Rf4+ Kg8 43. Kf2 Nd5 44. Rd4 Nxb4 45. Nxb4 Kf7 46.
Nxa6 Kf6 47. Rb4 Kg5 48. Rb1 Kh4 49. Kg1 g5 50. Nc5 Bf5 51. Re1 Bg4 52. Ne4 Bf3
53. Ng3 g4 54. Nxe2 Kg5 55. Nd4 Ba8 56. Kf2 h4 57. Re5+ 57... Kf4 {...} 1-0

[Event "Weekend Accademia"]
[Site "Roma ITA"]
[Date "1996.??.??"]
[Round "6"]
[White "Macchia, Giovanni"]
[Black "Almonti, Alessandro"]
[Result "1/2-1/2"]
[WhiteElo "1657"]
[BlackElo "1768"]
[PlyCount "69"]
[EventDate "1996.??.??"]

1. e4 c5 2. c3 e5 3. Nf3 Nc6 4. d4 cxd4 5. cxd4 exd4 6. Nxd4 Nf6 7. Nc3 Bb4 8.
Nxc6 dxc6 9. Qxd8+ Kxd8 10. Bg5 Bxc3+ 11. bxc3 h6 12. Bxf6+ gxf6 13. Bc4 Be6
14. O-O-O+ Ke7 15. Bb3 a5 16. Rhe1 Rhd8 17. f4 Rxd1+ 18. Rxd1 Bxb3 19. axb3 a4
20. Kb2 axb3 21. Kxb3 Ra5 22. g4 Rb5+ 23. Kc2 h5 24. h3 hxg4 25. hxg4 Ra5 26.
Rb1 b5 27. Kb3 Ra8 28. Rg1 Rd8 29. Rg3 Ra8 30. g5 fxg5 31. Rxg5 Rh8 32. Rf5 Ra8
33. e5 Ra4 34. Rf6 Rc4 35. Rf5 1/2-1/2

[Event "Weekend Accademia"]
[Site "Roma ITA"]
[Date "1996.??.??"]
[Round "6"]
[White "Marta, Daniele"]
[Black "Galdelli, Fabiano"]
[Result "1/2-1/2"]
[WhiteElo "1732"]
[BlackElo "1738"]
[PlyCount "58"]
[EventDate "1996.??.??"]

1. d4 Nf6 2. c4 e6 3. Nf3 b6 4. g3 Bb7 5. Bg2 Be7 6. O-O O-O 7. Nc3 d5 8. cxd5
exd5 9. Re1 Ne4 10. Nd2 Nxc3 11. bxc3 Nd7 12. e4 dxe4 13. Nxe4 Rb8 14. Bf4 Nf6
15. Qd3 Bxe4 16. Bxe4 Nxe4 17. Qxe4 Bd6 18. Bxd6 Qxd6 19. Qe5 Qd7 20. Re3 Rfe8
21. Qf4 c5 22. dxc5 bxc5 23. Rae1 Rbc8 24. Rxe8+ Rxe8 25. Rxe8+ Qxe8 26. Qe3
Qc8 27. Kg2 g6 28. h4 Qb7+ 29. Kh3 Qc8+ 1/2-1/2

[Event "Weekend Accademia"]
[Site "Roma ITA"]
[Date "1996.??.??"]
[Round "6"]
[White "Marzano, Carlo"]
[Black "Mondello, Gabriele"]
[Result "1-0"]
[WhiteElo "2160"]
[BlackElo "1789"]
[PlyCount "81"]
[EventDate "1996.??.??"]

1. d4 f5 2. e4 fxe4 3. Nc3 Nf6 4. g4 e6 5. g5 Nd5 6. Nxe4 Be7 7. c3 O-O 8. Bd3
Qe8 9. h4 Nc6 10. Ne2 d6 11. a3 e5 12. c4 Nb6 13. d5 Nd4 14. Nxd4 exd4 15. b3
Bf5 16. Qe2 c5 17. Bd2 Qd7 18. f3 Rae8 19. O-O-O Qc8 20. Qh2 Bxe4 21. Bxe4 Nd7
22. Bf4 Qb8 23. Bg3 b5 24. Qc2 bxc4 25. Bxh7+ Kh8 26. bxc4 Rxf3 27. Rd3 Ref8
28. Qe2 Rxd3 29. Bxd3 Qe8 30. Qe4 g6 31. Re1 Bxg5+ 32. hxg5 Qxe4 33. Bxe4 Nb6
34. Bxd6 Re8 35. Bxc5 Nxc4 36. Bxd4+ Kg8 37. Kd1 Nxa3 38. d6 Rb8 39. Bd5+ Kf8
40. Rf1+ Ke8 41. Bc6+ 1-0

[Event "Weekend Accademia"]
[Site "Roma ITA"]
[Date "1996.??.??"]
[Round "6"]
[White "Morales, Alessandro"]
[Black "Russo, Massimiliano"]
[Result "1/2-1/2"]
[WhiteElo "1540"]
[BlackElo "1576"]
[PlyCount "125"]
[EventDate "1996.??.??"]

1. Nf3 e6 2. d4 Nf6 3. Bg5 Be7 4. e3 Nc6 5. c3 b6 6. Bd3 Bb7 7. Nbd2 O-O 8. O-O
h6 9. Bh4 Re8 10. Qc2 Rc8 11. Rfe1 a6 12. h3 d6 13. Rac1 Na7 14. e4 Nd7 15.
Bxe7 Rxe7 16. e5 d5 17. Nf1 c5 18. Qd2 cxd4 19. cxd4 Nb8 20. Rxc8 Qxc8 21. Rc1
Rc7 22. Rxc7 Qxc7 23. Ng3 a5 24. Nh5 Ba6 25. Bb1 Qc4 26. Ng3 a4 27. Qc2 g6 28.
Qxc4 Bxc4 29. a3 Nbc6 30. Bc2 b5 31. Nf1 Kf8 32. N1d2 Na5 33. Ne1 N7c6 34. Nef3
Ke7 35. g4 Be2 36. Kg2 Bxf3+ 37. Nxf3 Nc4 38. Bd3 N6a5 39. Kf1 Kd7 40. Ke2 Kc6
41. Bxc4 Nxc4 42. Nd2 Nxb2 43. f4 Nc4 44. Nb1 b4 45. axb4 a3 46. Nc3 Kb6 47. h4
Kc7 48. Kd3 Kd7 49. Ke2 Ke7 50. g5 Kf8 51. Kd3 Kg7 52. Ke2 hxg5 53. hxg5 Kf8
54. Kd3 Ke7 55. Ke2 Kd7 56. Kd3 Nb2+ 57. Kc2 Kc6 58. Kb3 Nd3 59. Ne2 Nxb4 60.
Kxa3 Kb5 61. Kb3 Nd3 62. Nc3+ Ka5 63. Ne2 1/2-1/2

[Event "Weekend Accademia"]
[Site "Roma ITA"]
[Date "1996.??.??"]
[Round "6"]
[White "Moroni, Marco"]
[Black "Papetti, Francesco"]
[Result "1-0"]
[WhiteElo "1842"]
[BlackElo "1705"]
[PlyCount "111"]
[EventDate "1996.??.??"]

1. e4 c6 2. Nf3 d5 3. Nc3 dxe4 4. Nxe4 Bg4 5. Bc4 e6 6. d3 Be7 7. Bf4 Nf6 8.
Neg5 O-O 9. Qd2 Nd5 10. Bxd5 cxd5 11. h3 Bh5 12. g4 Bg6 13. h4 h6 14. Nh3 Bxh4
15. O-O-O Bf6 16. g5 hxg5 17. Bxg5 Nd7 18. Bxf6 Qxf6 19. Nf4 Rfc8 20. Nxg6 fxg6
21. Rh3 Rf8 22. Rdh1 Kf7 23. Ng5+ Ke8 24. Rf3 Qe7 25. Rxf8+ Nxf8 26. f4 Rc8 27.
Rh8 b6 28. Nf3 Kd8 29. Qe3 Kc7 30. Qe5+ Kb7 31. Rg8 Rc7 32. Nd4 a6 33. Rxf8
Qxf8 34. Nxe6 Qc8 35. Nxc7 Qxc7 36. Qxc7+ Kxc7 37. Kd2 Kd6 38. Ke3 Ke6 39. c4
dxc4 40. dxc4 Kf5 41. b4 g5 42. fxg5 Kxg5 43. a4 a5 44. b5 Kf5 45. c5 Ke5 46.
cxb6 Kd6 47. Kf4 Kd7 48. Kg5 Kc8 49. Kg6 Kb7 50. Kxg7 Kxb6 51. Kf6 Kb7 52. Ke6
Kc8 53. Kd6 Kb7 54. Kc5 Ka7 55. Kc6 Ka8 56. Kb6 1-0

[Event "Weekend Accademia"]
[Site "Roma ITA"]
[Date "1996.??.??"]
[Round "6"]
[White "Pantano, Fulvio"]
[Black "Galeno, Giorgio"]
[Result "0-1"]
[WhiteElo "1636"]
[BlackElo "1680"]
[PlyCount "68"]
[EventDate "1996.??.??"]

1. e4 d6 2. d4 Nf6 3. Nc3 g6 4. Bc4 c6 5. a4 Bg7 6. h3 O-O 7. Nf3 a5 8. O-O Na6
9. Re1 Nc7 10. Bf4 d5 11. Bxc7 Qxc7 12. exd5 cxd5 13. Bxd5 e6 14. Bb3 Bd7 15.
Qe2 Bc6 16. Ne5 Rad8 17. Rad1 Nd5 18. Nxd5 exd5 19. Nxc6 bxc6 20. Rd3 Qb6 21.
Qd2 Rfe8 22. Rxe8+ Rxe8 23. f3 Qc7 24. c3 Re6 25. Kf1 Qg3 26. Qf2 Qh2 27. Rd1
Bh6 28. Qg1 Qf4 29. Qf2 Qh2 30. Qg1 Qb8 31. Bxd5 Be3 32. Bxe6 Bxg1 33. Bxf7+
Kxf7 34. Kxg1 Qxb2 0-1

[Event "Weekend Accademia"]
[Site "Roma ITA"]
[Date "1996.??.??"]
[Round "6"]
[White "Perotti, Germano"]
[Black "Laudati, Adriano"]
[Result "1/2-1/2"]
[WhiteElo "1717"]
[BlackElo "1870"]
[PlyCount "57"]
[EventDate "1996.??.??"]

1. d4 d5 2. c4 c6 3. Nf3 Nf6 4. Nc3 Bf5 5. e3 e6 6. Bd3 Bxd3 7. Qxd3 Nbd7 8.
O-O Be7 9. cxd5 cxd5 10. Bd2 Rc8 11. Rac1 O-O 12. Rc2 Qc7 13. Rfc1 Qb8 14. Nb5
a6 15. Nc3 h6 16. h3 Bd6 17. Na4 Ne4 18. Nc3 Nxc3 19. Bxc3 Nf6 20. Ne5 Rfe8 21.
Nf3 Ne4 22. Nd2 Nxd2 23. Qxd2 Rc4 24. b3 Rcc8 25. Bb4 Bxb4 26. Qxb4 Rxc2 27.
Rxc2 Rc8 28. Qd2 Rxc2 29. Qxc2 1/2-1/2

[Event "Weekend Accademia"]
[Site "Roma ITA"]
[Date "1996.??.??"]
[Round "6"]
[White "Perretta, Maurizio"]
[Black "Scacco, Mauro"]
[Result "1/2-1/2"]
[WhiteElo "2007"]
[BlackElo "2055"]
[PlyCount "59"]
[EventDate "1996.??.??"]

1. d4 Nf6 2. c4 g6 3. Nc3 Bg7 4. e4 O-O 5. Nf3 d6 6. Be2 e5 7. O-O Nc6 8. d5
Ne7 9. Ne1 Ne8 10. Nd3 f5 11. f3 f4 12. Bd2 g5 13. Rc1 Rf7 14. c5 h5 15. cxd6
cxd6 16. Nf2 Bf8 17. a4 Rg7 18. h3 Nf6 19. Nb5 Ng6 20. Qc2 Bd7 21. Bb4 Ne8 22.
Qb3 Nh4 23. Rc2 a6 24. Na3 g4 25. fxg4 Qg5 26. Nc4 hxg4 27. Nxg4 Bxg4 28. Bxg4
Nf6 29. Bf3 Rd8 30. Be1 1/2-1/2

[Event "Weekend Accademia"]
[Site "Roma ITA"]
[Date "1996.??.??"]
[Round "6"]
[White "Pierangeli, Andrea"]
[Black "Ludovici, Roberto"]
[Result "1-0"]
[WhiteElo "1750"]
[BlackElo "1713"]
[PlyCount "93"]
[EventDate "1996.??.??"]

1. Nf3 g6 2. e4 d6 3. Be2 Bg7 4. d4 c6 5. O-O Qc7 6. Re1 Nf6 7. Nc3 O-O 8. Bf4
Nfd7 9. Qd2 Re8 10. Rad1 b5 11. a3 a5 12. e5 dxe5 13. Nxe5 Nxe5 14. Bxe5 Qb6
15. Bxg7 Kxg7 16. Bf3 Ra7 17. Ne4 Rd8 18. c3 Na6 19. Qf4 h6 20. h4 Qb8 21. Qe3
Be6 22. h5 Bf5 23. Ng3 Qd6 24. Nxf5+ gxf5 25. Qe5+ Qf6 26. Qxf6+ Kxf6 27. Bxc6
b4 28. axb4 axb4 29. Ra1 bxc3 30. bxc3 Rb8 31. c4 Rb6 32. Bb5 e6 33. Re3 Kg5
34. Rea3 Rd6 35. Rxa6 Raxa6 36. Rxa6 Rxd4 37. Ra3 Rd1+ 38. Kh2 Rc1 39. Ra7 Kf6
40. Rd7 f4 41. g3 fxg3+ 42. Kxg3 Rg1+ 43. Kf3 Rg5 44. Rc7 Rxh5 45. Be8 Rf5+ 46.
Ke3 Ke5 47. Rc5+ 1-0

[Event "Weekend Accademia"]
[Site "Roma ITA"]
[Date "1996.??.??"]
[Round "6"]
[White "Pieroni, Marco"]
[Black "Michelena, Rodolfo"]
[Result "1/2-1/2"]
[WhiteElo "1705"]
[BlackElo "1810"]
[PlyCount "121"]
[EventDate "1996.??.??"]

1. d4 d5 2. c4 e6 3. Nc3 Nf6 4. Bg5 Be7 5. e3 Nbd7 6. Nf3 a6 7. Qc2 c5 8. Rd1
Qa5 9. Nd2 cxd4 10. Nb3 Qc7 11. Rxd4 dxc4 12. Rxc4 Qd8 13. Be2 b5 14. Rd4 Bb7
15. O-O Nd5 16. Bxe7 Qxe7 17. Nxd5 Bxd5 18. Rfd1 O-O 19. e4 Bxb3 20. Qxb3 Nf6
21. e5 Ne8 22. Rd7 Qc5 23. Qf3 Rb8 24. Qe4 g6 25. h4 Ng7 26. g4 Rbc8 27. h5 f5
28. exf6 Rxf6 29. Rd8+ Rf8 30. Rxc8 Qxf2+ 31. Kh1 Rxc8 32. hxg6 hxg6 33. Rf1
Qh4+ 34. Kg2 Qg5 35. Bd3 Rf8 36. Rxf8+ Kxf8 37. Qa8+ Kf7 38. Qf3+ Ke7 39. Qb7+
Kf8 40. Qc8+ Kf7 41. Qb7+ Kg8 42. Qb8+ Kh7 43. Qh2+ Qh6 44. a4 Qxh2+ 45. Kxh2
bxa4 46. Bxa6 Kh6 47. Bb5 Kg5 48. Kg3 e5 49. Bxa4 Ne6 50. Bc2 Nd4 51. Bd3 Kf6
52. b4 g5 53. Kf2 Ke6 54. Ke3 Kd6 55. Ke4 Ke6 56. Bc4+ Kd6 57. Bd3 Ke6 58. Bc4+
Kd6 59. Bd3 Ke6 60. b5 Kd6 61. Bc4 1/2-1/2

[Event "Weekend Accademia"]
[Site "Roma ITA"]
[Date "1996.??.??"]
[Round "6"]
[White "Primiceri, Nunzio"]
[Black "Tommasini, Enzo"]
[Result "1-0"]
[WhiteElo "2150"]
[BlackElo "2075"]
[PlyCount "94"]
[EventDate "1996.??.??"]

1. d4 d5 2. c4 c6 3. Nf3 e6 4. cxd5 exd5 5. Qc2 Nf6 6. Nc3 Nbd7 7. Bg5 Qa5 8.
e3 Ne4 9. Bd3 f5 10. O-O Bd6 11. Bf4 Bxf4 12. exf4 O-O 13. Ne5 Ndf6 14. f3 Nd6
15. Ne2 Bd7 16. a3 Qc7 17. b4 Rac8 18. Rac1 g6 19. a4 Qb8 20. Qb1 Be6 21. Rfe1
Nfe8 22. Rc2 Nc7 23. Qb2 a6 24. Nc1 Rfe8 25. Nb3 Nc4 26. Qc1 Rcd8 27. Rce2 Nd6
28. Nc5 Qc8 29. Qe3 Nf7 30. Qf2 Nxe5 31. Rxe5 Bf7 32. Qg3 b6 33. Bxf5 Qa8 34.
Ne6 Bxe6 35. Bxe6+ Nxe6 36. Rxe6 Rxe6 37. Rxe6 Rf8 38. f5 Rxf5 39. Rxg6+ Kh8
40. Re6 a5 41. Qe1 Kg7 42. bxa5 bxa5 43. Re7+ Kg6 44. Qg3+ Kh6 45. Qd6+ Kg5 46.
Rg7+ Kh5 47. g4+ Kh4 1-0

[Event "Weekend Accademia"]
[Site "Roma ITA"]
[Date "1996.??.??"]
[Round "6"]
[White "Quaglia, Ferdinando"]
[Black "Sebasti, Alessandro"]
[Result "0-1"]
[WhiteElo "1541"]
[BlackElo "1564"]
[PlyCount "78"]
[EventDate "1996.??.??"]

1. d4 d5 2. c4 c6 3. Nc3 dxc4 4. e4 b5 5. Nf3 Bg4 6. Be2 e6 7. h3 Bh5 8. g4 Bg6
9. Nh4 Qxh4 10. Bf3 Bb4 11. Be3 Nf6 12. Qd2 Bxe4 13. Bg5 Bxf3 14. Bxh4 Bxh1 15.
Bxf6 gxf6 16. a3 Ba5 17. Qf4 Nd7 18. f3 e5 19. dxe5 Nxe5 20. Qxf6 Nd3+ 21. Kd2
Rd8 22. Kc2 Bxc3 23. bxc3 Rg8 24. Rxh1 Rg6 25. Qh8+ Kd7 26. Qxh7 Rf6 27. Qe4
Re6 28. Qd4+ Ke8 29. Qxa7 Re2+ 30. Kb1 Rb2+ 31. Ka1 Rb3 32. h4 Rxc3 33. Qe3+
Kf8 34. Qh6+ Ke8 35. Qxc6+ Rd7 36. Qe4+ Kd8 37. Ka2 Rc2+ 38. Ka1 b4 39. axb4
Ra7+ 0-1

[Event "Weekend Accademia"]
[Site "Roma ITA"]
[Date "1996.??.??"]
[Round "6"]
[White "Ragonese, Lucio Rosario"]
[Black "Piancatelli, Marco"]
[Result "1/2-1/2"]
[WhiteElo "1902"]
[BlackElo "1870"]
[PlyCount "27"]
[EventDate "1996.??.??"]

1. d4 Nf6 2. Nf3 e6 3. Bg5 d5 4. e3 c5 5. c3 Qb6 6. Qc2 Ne4 7. Bf4 Nc6 8. Nbd2
Nxd2 9. Nxd2 Be7 10. Bd3 Bd7 11. Nf3 h6 12. Ne5 Nxe5 13. Bxe5 Bf6 14. Bxf6
1/2-1/2

[Event "Weekend Accademia"]
[Site "Roma ITA"]
[Date "1996.??.??"]
[Round "6"]
[White "Righetti, Gianfranco"]
[Black "Luna, Giovanni"]
[Result "0-1"]
[WhiteElo "1594"]
[BlackElo "1564"]
[PlyCount "44"]
[EventDate "1996.??.??"]

1. e4 e5 2. f4 d6 3. Nf3 Bg4 4. d4 exd4 5. c3 Nc6 6. Bc4 Nf6 7. Qb3 d5 8. Qxb7
dxc4 9. Qxc6+ Bd7 10. Qxc4 Be7 11. e5 Ng4 12. cxd4 Rb8 13. Nc3 O-O 14. O-O Rb6
15. d5 Rb4 16. Qe2 Bc5+ 17. Kh1 Bf5 18. b3 Re8 19. h3 Nf6 20. Ba3 Qb8 21. Rad1
Ne4 22. Bxb4 Ng3+ 0-1

[Event "Weekend Accademia"]
[Site "Roma ITA"]
[Date "1996.??.??"]
[Round "6"]
[White "Rossi De Gasperis, Pietro"]
[Black "Failli, Riccardo"]
[Result "1/2-1/2"]
[WhiteElo "1833"]
[BlackElo "1684"]
[PlyCount "96"]
[EventDate "1996.??.??"]

1. e4 e5 2. Nf3 Nc6 3. Nc3 Nf6 4. Bb5 Bc5 5. Bxc6 dxc6 6. h3 O-O 7. d3 Re8 8.
O-O a6 9. Qe2 Qd6 10. Kh1 Be6 11. Rg1 Nd7 12. g4 Nf8 13. Bd2 f6 14. Nh4 Ng6 15.
Nf5 Bxf5 16. gxf5 Nf4 17. Bxf4 exf4 18. Rg2 Re7 19. Qf3 Bd4 20. Rag1 Bxc3 21.
bxc3 Rf8 22. Rg4 Qa3 23. Qxf4 Qxa2 24. Qh6 Rff7 25. Rh4 Kf8 26. Qxh7 Ke8 27.
Qg8+ Kd7 28. Rh8 c5 29. Qb8 Qxc2 30. Qxb7 Qxd3 31. Qc8+ Kd6 32. Ra1 Qxe4+ 33.
Kg1 Ke5 34. Rh5 Qe2 35. Rh4 Qd2 36. Qxa6 Kxf5 37. Qa4 Re1+ 38. Rxe1 Qxe1+ 39.
Kg2 Qe2 40. Qf4+ Ke6 41. Qa4 Kd6 42. Qf4+ Qe5 43. Qc1 g5 44. Ra4 g4 45. hxg4
Rh7 46. Rf4 f5 47. Qd1+ Ke7 48. Rxf5 Qh2+ 1/2-1/2

[Event "Weekend Accademia"]
[Site "Roma ITA"]
[Date "1996.??.??"]
[Round "6"]
[White "Sabatini, Mario"]
[Black "Pezzaldi, Roberto"]
[Result "1-0"]
[WhiteElo "2085"]
[BlackElo "2013"]
[PlyCount "104"]
[EventDate "1996.??.??"]

1. d4 e6 2. Nf3 f5 3. g3 Nf6 4. Bg2 Be7 5. c4 Ne4 6. Qc2 O-O 7. O-O d6 8. Nbd2
Nxd2 9. Bxd2 Nd7 10. e4 fxe4 11. Qxe4 Nf6 12. Qe2 Ng4 13. h3 Nh6 14. Rfe1 Nf5
15. Bc3 Bf6 16. Rad1 Qe8 17. Nh2 g6 18. Ng4 Bg7 19. c5 dxc5 20. dxc5 Bxc3 21.
bxc3 Qe7 22. Qc4 c6 23. Ne5 Qf6 24. Re2 Rd8 25. Rd3 Qe7 26. Red2 Rxd3 27. Rxd3
Qf6 28. f4 Ng7 29. Ng4 Qe7 30. Qe4 Nf5 31. Qe5 h5 32. Nf6+ Kf7 33. Ne4 Bd7 34.
Ng5+ Kg8 35. g4 Ng7 36. gxh5 Nxh5 37. Be4 Be8 38. Bf3 Qf6 39. Bxh5 Qxe5 40.
fxe5 gxh5 41. Rd6 Bg6 42. Nxe6 Bf5 43. Nf4 Re8 44. e6 h4 45. Kf2 Re7 46. Ke3
Kg7 47. Kd4 Kf6 48. a4 Bxe6 49. a5 a6 50. c4 Kf5 51. Nd3 Kf6 52. Nf2 52... Kf5
$139 1-0

[Event "Weekend Accademia"]
[Site "Roma ITA"]
[Date "1996.??.??"]
[Round "6"]
[White "Sarrecchia, Maurizio"]
[Black "Buffoni, Luca"]
[Result "0-1"]
[WhiteElo "1576"]
[BlackElo "1708"]
[PlyCount "98"]
[EventDate "1996.??.??"]

1. c4 e6 2. Nc3 Nf6 3. e4 Nc6 4. d4 Bb4 5. Qd3 d5 6. cxd5 exd5 7. e5 Ne4 8. a3
Bxc3+ 9. bxc3 Bf5 10. Qe3 O-O 11. Nf3 Re8 12. Bd3 Na5 13. Ng5 Nb3 14. Rb1 Nxc1
15. Rxc1 Nd6 16. Bxf5 Nxf5 17. Qf4 h6 18. Qxf5 Qxg5 19. Qxg5 hxg5 20. O-O f6
21. exf6 gxf6 22. Rfe1 Kf7 23. Kf1 Rad8 24. Rb1 Rxe1+ 25. Kxe1 b6 26. f3 Rh8
27. h3 f5 28. Kf2 Re8 29. a4 f4 30. c4 dxc4 31. Rc1 Ke6 32. Rxc4 Kd6 33. a5 Re7
34. axb6 cxb6 35. Rb4 Kd5 36. Rb5+ Kxd4 37. Rxg5 Rf7 38. h4 a5 39. h5 a4 40.
Rb5 Ra7 41. Rxb6 a3 42. Rd6+ Kc5 43. Rd1 a2 44. Ra1 Kb4 45. h6 Kb3 46. h7 Rxh7
47. Rd1 Kc2 48. Re1 Ra7 49. Re2+ Kd3 0-1